Statistics for Fast typing: 300 "0" in 1 minute (Easy)

Click here to take the quiz!

General Stats

  • This quiz has been taken 8 times
  • The average score is 225 of 300

Answer Stats

TimesPress 0% Correct
10
100%
1990
75%
2050
75%
2040
75%
2030
75%
2020
75%
2010
75%
2000
75%
1980
75%
2070
75%
1970
75%
1960
75%
1950
75%
1940
75%
1930
75%
1920
75%
2060
75%
2080
75%
1900
75%
2180
75%
2240
75%
2230
75%
2220
75%
2210
75%
2200
75%
2190
75%
2170
75%
2090
75%
2160
75%
2150
75%
2140
75%
2130
75%
2120
75%
2110
75%
2100
75%
1910
75%
1890
75%
2260
75%
1620
75%
1680
75%
1670
75%
1660
75%
1650
75%
1640
75%
1630
75%
1610
75%
1700
75%
1600
75%
1590
75%
1580
75%
1570
75%
1560
75%
1550
75%
1540
75%
1690
75%
1710
75%
1880
75%
1810
75%
1870
75%
1860
75%
1850
75%
1840
75%
1830
75%
1820
75%
1800
75%
1720
75%
1790
75%
1780
75%
1770
75%
1760
75%
1750
75%
1740
75%
1730
75%
2250
75%
2270
75%
1520
75%
2740
75%
2800
75%
2790
75%
2780
75%
2770
75%
2760
75%
2750
75%
2730
75%
2820
75%
2720
75%
2710
75%
2700
75%
2690
75%
2680
75%
2670
75%
2810
75%
2830
75%
2650
75%
2930
75%
2990
75%
2980
75%
2970
75%
2960
75%
2950
75%
2940
75%
2920
75%
2840
75%
2910
75%
2900
75%
2890
75%
2880
75%
2870
75%
2860
75%
2850
75%
2660
75%
2640
75%
2280
75%
2370
75%
2430
75%
2420
75%
2410
75%
2400
75%
2390
75%
2380
75%
2360
75%
2450
75%
2350
75%
2340
75%
2330
75%
2320
75%
2310
75%
2300
75%
2290
75%
2440
75%
2460
75%
2630
75%
2560
75%
2620
75%
2610
75%
2600
75%
2590
75%
2580
75%
2570
75%
2550
75%
2470
75%
2540
75%
2530
75%
2520
75%
2510
75%
2500
75%
2490
75%
2480
75%
1530
75%
1510
75%
20
75%
480
75%
540
75%
530
75%
520
75%
510
75%
500
75%
490
75%
470
75%
560
75%
460
75%
450
75%
440
75%
430
75%
420
75%
410
75%
550
75%
570
75%
390
75%
670
75%
730
75%
720
75%
710
75%
700
75%
690
75%
680
75%
660
75%
580
75%
650
75%
640
75%
630
75%
620
75%
610
75%
600
75%
590
75%
400
75%
380
75%
750
75%
110
75%
170
75%
160
75%
150
75%
140
75%
130
75%
120
75%
100
75%
190
75%
90
75%
80
75%
70
75%
60
75%
50
75%
40
75%
30
75%
180
75%
200
75%
370
75%
300
75%
360
75%
350
75%
340
75%
330
75%
320
75%
310
75%
290
75%
210
75%
280
75%
270
75%
260
75%
250
75%
240
75%
230
75%
220
75%
740
75%
760
75%
1500
75%
1240
75%
1300
75%
1290
75%
1280
75%
1270
75%
1260
75%
1250
75%
1230
75%
1320
75%
1220
75%
1210
75%
1200
75%
1190
75%
1180
75%
1170
75%
1160
75%
1310
75%
1330
75%
1140
75%
1430
75%
1490
75%
1480
75%
1470
75%
1460
75%
1450
75%
1440
75%
1420
75%
1340
75%
1410
75%
1400
75%
1390
75%
1380
75%
1370
75%
1360
75%
1350
75%
1150
75%
1130
75%
770
75%
860
75%
920
75%
910
75%
900
75%
890
75%
880
75%
870
75%
850
75%
940
75%
840
75%
830
75%
820
75%
810
75%
800
75%
790
75%
780
75%
930
75%
950
75%
1120
75%
1050
75%
1110
75%
1100
75%
1090
75%
1080
75%
1070
75%
1060
75%
1040
75%
960
75%
1030
75%
1020
75%
1010
75%
1000
75%
990
75%
980
75%
970
75%
3000
75%

Score Distribution

Percentile by Number Answered

Percent of People with Each Score

Your Score History

You have not taken this quiz